000 00724cam a2200229 a 4500
001 13105954
005 20180307090243.0
008 030227s2004 maua b 001 0 eng
010 _a 2003044384
020 _a0321145712
040 _aDLC
_cDLC
_dDLC
041 _aeng
080 _a515.35 NAG
082 0 0 _a515.35 NAG
_221
100 1 _a37
101 _aMAT
245 1 0 _aFundamentals of differential equations and boundary value problems.
504 _aIncludes bibliographical references and index.
906 _a7
_bcbc
_corignew
_d1
_eocip
_f20
_gy-gencatlg
942 _2ddc
_cBK
999 _c44332
_d44332